| 000 | 00586nam a22001337a 4500 | ||
|---|---|---|---|
| 999 |
_c526484 _d526484 |
||
| 008 | 240605b ||||| |||| 00| 0 eng d | ||
| 100 |
_aVilloria, Manuel _953414 |
||
| 245 | _aPolitical corruption. The internal enemy of public institutions. by Emanuela Ceva, Maria Paola Ferrety, oxford: Oxford university press. 2021. pp. 217. $24.81 (hardcover). ISBN: 9780197567869 (hardback); ISBN: 9780197567883 (epub) | ||
| 260 | _aPublic Administration Review | ||
| 300 | _a84(1), Jan-Feb, 2024: p.186-187 | ||
| 773 | _aPublic Administration Review | ||
| 906 | _aBOOK REVIEW | ||
| 942 | _cAR | ||